002470000a220007300045001000023000002450075000233000053000987730022001511 aDe Vries, Simon J.10aThe three comparisons in Kings 22:4b and its parallel and 2 Kings 3:7b aVol. 39, Num. 3 (Julio, 1989), Páginas 283-3060 tVetus Testamentum